Патентоведение: учебник для вузов

Λεπτομέρειες βιβλιογραφικής εγγραφής
Άλλοι συγγραφείς: Артемьев Е. И. (редактор), Рясенцев В. А., Доркин А. И., Сысоев П. В., Богуславский М. М., Вчерашний Р. П., Проскуряков А. В.
Περίληψη:Авт. указаны на обороте тит. л.
Γλώσσα:Ρωσικά
Έκδοση: Москва, Машиностроение, 1976
Έκδοση:2-е изд., перераб. и доп.
Θέματα:
Μορφή: Βιβλίο
KOHA link:https://koha.lib.tpu.ru/cgi-bin/koha/opac-detail.pl?biblionumber=296667

MARC

LEADER 00000nam0a2200000 4500
001 296667
005 20231101002914.0
020 |a RU  |b 84-26570 
035 |a (RuTPU)RU\TPU\book\321775 
035 |a RU\TPU\book\110383 
090 |a 296667 
100 |a 20060923d1976 m y0rusy5003 ca 
101 0 |a rus 
102 |a RU 
105 |a a j 001zy 
200 1 |a Патентоведение  |e учебник для вузов  |f Е. И. Артемьев [и др.]  |g под ред. В. А. Рясенцева 
205 |a 2-е изд., перераб. и доп. 
210 |a Москва  |c Машиностроение  |d 1976 
215 |a 269 с.  |c ил. 
300 |a Авт. указаны на обороте тит. л. 
320 |a Библиогр.: с. 258-262. 
320 |a Алфавитный указатель: с. 263-266. 
606 1 |a Патентоведение  |2 stltpush  |3 (RuTPU)RU\TPU\subj\48375 
610 1 |a патенты 
610 1 |a открытия 
610 1 |a изобретения 
610 1 |a промышленные образцы 
610 1 |a заявки 
610 1 |a авторы 
610 1 |a изобретательское право 
610 1 |a лицензии 
610 1 |a патентная документация 
610 1 |a учебники 
675 |a 608.3(075.8)  |z rus  |v 3 
701 1 |a Артемьев  |b Е. И. 
701 1 |a Рясенцев  |b В. А. 
701 1 |a Доркин  |b А. И. 
701 1 |a Сысоев  |b П. В. 
701 1 |a Богуславский  |b М. М. 
701 1 |a Вчерашний  |b Р. П. 
701 1 |a Проскуряков  |b А. В. 
702 1 |a Рясенцев  |b В. А.  |4 340 
801 1 |a RU  |b 63413507  |c 20150602 
801 2 |a RU  |b 63413507  |c 20220228  |g RCR 
942 |c BK